000 01021cam a2200265 a 4500
001 ne 68005048
003 DLC
005 20260227111852.0
008 700729s1968 ir 000 0 per
010 _ane 68005048
040 _aDLC
_cDLC
_dDLC
041 0 _aper
_akur
050 0 0 _aPK6905
_b.K5
066 _c(3
_c(4
100 1 _6880-01
_aKhurramʹdil, Muṣṭafá.
245 1 0 _6880-02
_aMukālamah-i rūzmarrah-i zabān-i Kurdī /
_ctaʼlīf-i, Muṣṭafá Khurram'dil.
260 _6880-03
_aTabrīz :
_bMahābād,
_c1347 [1968]
300 _a173 p. ;
_c21 cm.
546 _aIn Persian and Sorani Kurdish
_b(Arabic script).
650 0 _aKurdish language
_xConversation and phrase books
_xPersian.
650 0 _aKurdish language
_vTextbooks for foreign speakers
_xPersian.
880 1 _6100-01/(3/r
_aخرم‌دل، مصطفى.
880 1 0 _6245-02/(3/r
_aمكالمه روزمره زبان كردى /
_cتأليف، مصطفى خرم‌دل.
880 _6260-03/(3/r
_aتبريز :
_bمهاباد،
_c1347 [1968].
999 _c51200
_d51200